000 01175cam a2200313 i 4500
001 22015382
003 OSt
005 20250417104138.0
008 210429s2020 maua b 000 0 eng
010 _a 2020430097
020 _a9781319195809
_q(paperback)
035 _a(OCoLC)on1184678810
040 _aGMU
_beng
_cKCST
042 _alccopycat
050 0 0 _aPE1417
_b.B373 2020
082 0 4 _a808.0427
_223
_bBa Wa
100 1 _aBartholomae, David,
_eauthor.
_95675
245 1 0 _aWays of reading :
_ban anthology for writers /
_cDavid Bartholomae, University of Pittsburgh, Anthony Petrosky, University of Pittsburgh, Stacey Waite, University of Nebraska-Lincoln.
250 _a12th
260 _aBoston ;
_bBedford/St. Martins, Macmillan Learning,
_c[2020].
300 _axxv, 709 pages :
_billustrations ;
_c24 cm
504 _aIncludes bibliographical references (pages 708-709).
650 0 _aCollege readers.
_95204
650 0 _aEnglish language
_xRhetoric
_vProblems, exercises, etc.
_95205
650 0 _aReport writing
_vProblems, exercises, etc.
_95206
700 1 _aPetrosky, Tony,
_eauthor.
_95676
700 1 _aWaite, Stacey,
_eauthor.
_95677
942 _2ddc
_cBK
999 _c805
_d805